Eliot
Պահպանված է:
| Հիմնական հեղինակ: | |
|---|---|
| Ձևաչափ: | Գիրք |
| Լեզու: | Undetermined |
| Հրապարակվել է: |
Inglaterra
Fontana
1975
|
| Խորագրեր: | |
| Ցուցիչներ: |
Ավելացրեք ցուցիչ
Չկան պիտակներ, Եղեք առաջինը, ով նշում է այս գրառումը!
|
MARC
| LEADER | 00000nam a2200000Ia 4500 | ||
|---|---|---|---|
| 008 | 170316s9999 xx 000 0 und d | ||
| 040 | |a cru BVZT | ||
| 090 | |a 820 S-15e | ||
| 100 | |a Spender, Stephen | ||
| 245 | |a Eliot | ||
| 260 | |a Inglaterra | ||
| 260 | |b Fontana | ||
| 260 | |c 1975 | ||
| 300 | |a 250 páginas | ||
| 650 | |a LITERATURA INGLESA | ||
| 999 | |c 7073 |d 7073 | ||
| 942 | |c 15 D |h 820 S-15e |2 z | ||
